<?xml version="1.0" encoding="UTF-8"?><?xml-stylesheet type="text/xsl" href="static/style.xsl"?><OAI-PMH xmlns="http://www.openarchives.org/OAI/2.0/" xmlns:xsi="http://www.w3.org/2001/XMLSchema-instance" xsi:schemaLocation="http://www.openarchives.org/OAI/2.0/ http://www.openarchives.org/OAI/2.0/OAI-PMH.xsd"><responseDate>2026-06-02T21:45:31Z</responseDate><request verb="GetRecord" identifier="oai:riuma.uma.es:10630/45556" metadataPrefix="marc">https://riuma.uma.es/rest/oai/request</request><GetRecord><record><header><identifier>oai:riuma.uma.es:10630/45556</identifier><datestamp>2026-02-19T00:47:12Z</datestamp><setSpec>com_10630_2254</setSpec><setSpec>col_10630_37956</setSpec></header><metadata><record xmlns="http://www.loc.gov/MARC21/slim" xmlns:dcterms="http://purl.org/dc/terms/" xmlns:doc="http://www.lyncode.com/xoai" xmlns:xsi="http://www.w3.org/2001/XMLSchema-instance" xsi:schemaLocation="http://www.loc.gov/MARC21/slim http://www.loc.gov/standards/marcxml/schema/MARC21slim.xsd">
   <leader>00925njm 22002777a 4500</leader>
   <datafield ind2=" " ind1=" " tag="042">
      <subfield code="a">dc</subfield>
   </datafield>
   <datafield ind2=" " ind1=" " tag="720">
      <subfield code="a">Sánchez-Molina, Pablo</subfield>
      <subfield code="e">author</subfield>
   </datafield>
   <datafield ind2=" " ind1=" " tag="260">
      <subfield code="c">2021-05-17</subfield>
   </datafield>
   <datafield ind2=" " ind1=" " tag="520">
      <subfield code="a">En mi opinión, en la enseñanza en general es tan importante el contenido a aprender como la forma de hacerlo. Para ello, en mi corta vida como docente he venido
intentando combinar la teoría con la práctica. Sobre este último aspecto se centra la presente aportación que pretende ser un diario de mi experiencia personal y no un estudio científico sobre la innovación docente.

El debate como herramienta educativa ha traspasado las tradicionales fronteras anglosajonas para incardinarse en la mayoría de los sistemas educativos avanzados.
España no es una excepción y en esta década ha experimentado un crecimiento exponencial, tanto en el ámbito universitario como en el escolar. La mayoría de las
universidades cuentan con escuelas de debate y, algo más tarde, esta forma de aprender se instauró en la educación primaria y secundaria.

Cuando hablamos de debate nos adentramos en un ámbito particular de la educación, con sus virtudes pero también con sus defectos, por lo que en esta primera parte de la
exposición trataré de acotar su ámbito de actuación para, tras ello centrarme en los beneficios de su uso en las aulas universitarias, destacando la pertinencia de su
aplicación en nuestro campo, el Derecho Constitucional.</subfield>
   </datafield>
   <datafield ind1="8" ind2=" " tag="024">
      <subfield code="a">Sánchez-Molina, Pablo (2021): "El debate como herramienta de innovación docente en el Derecho Constitucional" en Docencia en entornos virtuales en el ámbito del derecho, págs. 65-74.</subfield>
   </datafield>
   <datafield ind1="8" ind2=" " tag="024">
      <subfield code="a">978-84-1369-117-6</subfield>
   </datafield>
   <datafield ind1="8" ind2=" " tag="024">
      <subfield code="a">https://hdl.handle.net/10630/45556</subfield>
   </datafield>
   <datafield tag="653" ind2=" " ind1=" ">
      <subfield code="a">Investigación activa en educación</subfield>
   </datafield>
   <datafield tag="653" ind2=" " ind1=" ">
      <subfield code="a">Derecho constitucional - Estudio y enseñanza</subfield>
   </datafield>
   <datafield ind2="0" ind1="0" tag="245">
      <subfield code="a">El debate como herramienta de innovación docente en el Derecho Constitucional</subfield>
   </datafield>
</record>
</metadata></record></GetRecord></OAI-PMH>